LIBRARY & INFORMATION CENTRE, KCAET, TAVANUR

ONLINE PUBLIC ACCESS CATALOGUE (OPAC)

Principles of mechanics / (Record no. 11039)

MARC details
000 -LEADER
fixed length control field 00505cam a2200205ua 4500
041 ## - LANGUAGE CODE
Language code of text/sound track or separate title eng
082 ## - DEWEY DECIMAL CLASSIFICATION NUMBER
Classification number 531
Item number SYN/PR
100 ## - MAIN ENTRY--AUTHOR NAME
Personal name Synge, John L .
245 ## - TITLE STATEMENT
Title Principles of mechanics /
250 ## - EDITION STATEMENT
Edition statement 3 /
260 ## - PUBLICATION, DISTRIBUTION, ETC. (IMPRINT)
Place of publication New York :
Name of publisher McGraw Hill Book Company ,
Year of publication 1959.
300 ## - PHYSICAL DESCRIPTION
Number of Pages 552 ; .
700 1# - ADDED ENTRY--PERSONAL NAME
Personal name Griffith , Byron A.
942 ## - ADDED ENTRY ELEMENTS (KOHA)
Koha item type Books
Holdings
Withdrawn status Lost status Damaged status Home library Current library Date acquired Full call number Accession Number Koha item type
      KAUAET KAUAET 07/04/2012 531 3092B Books
      KAUAET KAUAET 02/09/1986 531 15661 Books
free website counter